| 000 | 01015nam a2200217 a 4500 | ||
|---|---|---|---|
| 001 | 001113177 | ||
| 003 | AM-YeHGA | ||
| 005 | 20250617151814.0 | ||
| 008 | 151113s1969 ru r 000 0 rus d | ||
| 040 | _aAM-YeHGA | ||
| 041 | 0 | _arus | |
| 245 | 0 | 0 |
_aНовые данные о зарубинецкой культуре в Поднепровье / _cАН СССР; Ин-т археологии АН СССР; Ин-т археологии АН УССР; Отв. ред. П.Н. Третьяков. |
| 260 |
_aЛенинград : _bНаука, _c1969. |
||
| 300 |
_a170 с. : _bил., карт. |
||
| 440 | 0 |
_aМатериалы и исследования по археологии СССР _v№ 160 |
|
| 653 | 0 | _aПамятники железного века на территории Полесья | |
| 700 | 1 |
_aТретьяков, П.Н. _eред. _4edt |
|
| 710 | 2 | _aИнститут археологии АН СССР | |
| 710 | 2 | _aИнститут археологии АН УССР | |
| 090 | _c360174 | ||
| 999 |
_c358350 _d358350 |
||